| 000 | 00991nam a22003137a 4500 | ||
|---|---|---|---|
| 001 | 0000594 | ||
| 003 | DO-SdBNP | ||
| 005 | 20171113095957.0 | ||
| 007 | 0000594 | ||
| 008 | 160720 b2008 sp 00| 0 spa d | ||
| 020 | _a9788466322263 | ||
| 040 |
_aBPMSU _bspa _cBPMSU |
||
| 082 | 4 |
_a813.54 _bO11p |
|
| 100 |
_aOates, Joyce Carol, _d1938- |
||
| 240 |
_aFoxfire confessions of girl gang _lEspañol |
||
| 245 |
_aPuro fuego / _cJoyce Carol Oates ; traducción Montserrat Serra |
||
| 246 | 1 | 4 |
_aPuro fuego _bconfesiones de una banda de chicas / |
| 260 |
_aMadrid : _bPunto de Lectura , _c2008. |
||
| 300 |
_a453 p. : _c20 cm |
||
| 490 | 1 |
_aPunto de lectura _v298 / 1 |
|
| 500 | _aIncluye datos biográficos de la autora. | ||
| 650 | _aNOVELA ESTADOUNIDENSE | ||
| 650 | _aLITERATURA ESTADOUNIDENSE | ||
| 700 |
_aSerra, Montserrat, _etr. |
||
| 830 | 0 |
_aPunto de lectura _n298 / 1 |
|
| 942 |
_2ddc _cBK |
||
| 945 | _aInventariado extranjero / 2017 VM | ||
| 956 | _aYngrid Lockward | ||
| 999 |
_c10968 _d10968 |
||